00924nam a2200193Ia 4500008004100000020001700041040001400058082002500072100002300097245009700120260005000217300001300267365002800280366000800308505002000316620020000336630009700536730009700633100315s9999 xx 000 0 und d a8121207142  cENGLISH  b4037 a338.900954  a"Bhargava, Gopal " aDevelopment of India's urban Rural & Regional Planning in 21st Century : Policy Perspectives aNew Delhi bGyan Publishing House  c2001  a309p.   eRupees d1 b600.00  f0  gTushar Jadhav  a"Urban Planning Scenario for 21st Century Policy Framework, Urban Slums & Squatter Settlements Planning & Policy Issues, Rural Cevelopment & Growth Centre Planning Case Studies & Policy Issues " aDevelopment of India's urban Rural & Regional Planning in 21st Century : Policy Perspectives aDevelopment of India's urban Rural & Regional Planning in 21st Century : Policy Perspectives